00436 2200181 4500001002100000005001500021035002000036007000300056008004100059020001800100082000800118084001800126100002100144245001900165260003600184300001800220990001600238INLIS00000000000222320260305103325 a0010-0326000171ta260305 g 0 ind  a9786231892331 a811 a811 ACE k.c.10 aAcep Zamzam Noor1 aKumpulan Puisi aYogyakarta :bDiva Press,c2023 a95 ;c19.5 cm a2026/P/0245